Pruebas de consolidación en la Celda Rowe
Uloženo v:
| Hlavní autor: | |
|---|---|
| Médium: | Kniha |
| Vydáno: |
[San José , Costa Rica]
1993
|
| Témata: | |
| Tagy: |
Přidat tag
Žádné tagy, Buďte první, kdo vytvoří štítek k tomuto záznamu!
|
MARC
| LEADER | 00000nam a2200000Ia 4500 | ||
|---|---|---|---|
| 003 | 005537 | ||
| 005 | 20221231144319.0 | ||
| 008 | 140114s1993 cr a m 000 ||s d | ||
| 040 | |c cru CEDI | ||
| 090 | |a TFG 2661 | ||
| 100 | |a Retana Salazar, Luis Gonzalo |9 12240 | ||
| 245 | |a Pruebas de consolidación en la Celda Rowe | ||
| 260 | |c 1993 |a [San José , Costa Rica] | ||
| 300 | |a vi, [129] hojas : ilustraciones ; 28 cm | ||
| 500 | |a Proyecto de graduación (licenciatura en ingeniería civil)--Universidad de Costa Rica. Facultad de Ingeniería. Escuela de Ingeniería Civil | ||
| 650 | |x ESTABILIZACION DE SUELOS |x MECANICA DE SUELOS |9 12241 | ||
| 942 | |c TFG |2 ddc | ||
| 999 | |c 20008 |d 20008 | ||
